[Event "Pardubice Czech op-C 30th"]
[Site "Pardubice"]
[Date "2019.07.25"]
[Round "7"]
[White "Pecnik, Primoz"]
[Black "Jakobsen, Hans Endrup"]
[Result "0-1"]
[WhiteElo "1739"]
[BlackElo "1965"]
[PlyCount "64"]
[EventDate "2019.07.20"]
[EventType "swiss"]
[EventRounds "9"]
[EventCountry "CZE"]
[SourceTitle "EXT 2020"]
[Source "ChessBase"]
[SourceDate "2019.10.17"]
[SourceVersion "1"]
[SourceVersionDate "2019.10.17"]
[SourceQuality "1"]

1. c4 e6 2. g3 d5 3. cxd5 exd5 4. Bg2 Nf6 5. d4 c6 6. Nf3 Bf5 7. 0-0 Bd6 8. b3 0-0 9. Ba3 Bxa3 10. Nxa3 Qd6 11. Nc2 Nbd7 12. Ne3 Be4 13. Nd2 Bxg2 14. Nxg2 Rfe8 15. e3 Ne4 16. Nxe4 dxe4 17. Rc1 Nf6 18. Qc2 Nd5 19. Qc5 Qd7 20. Nf4 Nxf4 21. exf4 Re6 22. Rfe1 b6 23. Qc4 Rae8 24. Rcd1 Rh6 25. h4 Rg6 26. Kh2 Rd6 27. Rd2 Rd5 28. b4 h6 29. Rc1 c5 30. bxc5 bxc5 31. Kg2 Rxd4 32. Rxd4 cxd4 0-1

[Event "Nova Gorica op 23rd"]
[Site "Nova Gorica"]
[Date "2018.01.31"]
[Round "8"]
[White "Pecnik, Primoz"]
[Black "Kavcic, Bor"]
[Result "1/2-1/2"]
[WhiteElo "1824"]
[BlackElo "1607"]
[PlyCount "86"]
[EventDate "2018.01.26"]
[EventType "swiss"]
[EventRounds "9"]
[EventCountry "SLO"]
[SourceTitle "CBM 182 Extra"]
[Source "ChessBase"]
[SourceDate "2018.02.23"]
[SourceVersion "1"]
[SourceVersionDate "2018.02.23"]
[SourceQuality "1"]

1. e4 g6 2. Nf3 Bg7 3. d4 d6 4. Nc3 Nf6 5. Be3 0-0 6. Be2 e5 7. d5 Nbd7 8. h3 Nc5 9. Nd2 a5 10. 0-0 Nfd7 11. f4 f5 12. fxe5 Nxe5 13. Bxc5 dxc5 14. exf5 Bxf5 15. Nde4 Bxe4 16. Nxe4 Qe7 17. d6 cxd6 18. Qxd6 Qxd6 19. Nxd6 Rxf1+ 20. Rxf1 b6 21. Nc4 Nxc4 22. Bxc4+ Kh8 23. c3 Ra7 24. Re1 Ra8 25. Re6 Rb8 26. a4 Bh6 27. g4 Bc1 28. Re2 Rd8 29. Kg2 Rd2 30. b3 Rxe2+ 31. Bxe2 g5 32. Kf3 Kg7 33. Ke4 Bf4 34. Kd5 Bc7 35. Kc6 Bd8 36. Kd7 Bf6 37. c4 Bc3 38. Bd3 h6 39. Kc6 Kf6 40. Kd5 Bd4 41. Bf5 Ke7 42. Be6 Bc3 43. Bc8 Bd4 1/2-1/2

[Event "SLO-chT2 West"]
[Site "Ljubljana"]
[Date "2014.11.09"]
[Round "9.6"]
[White "Pecnik, Primoz"]
[Black "Hozjan, Erik"]
[Result "1/2-1/2"]
[WhiteElo "1874"]
[BlackElo "1848"]
[PlyCount "139"]
[EventDate "2014.10.17"]
[EventType "team-tourn"]
[EventRounds "9"]
[EventCountry "SLO"]
[SourceTitle "EXT 2019"]
[Source "ChessBase"]
[SourceDate "2018.10.10"]
[SourceVersion "1"]
[SourceVersionDate "2018.10.10"]
[SourceQuality "1"]
[WhiteTeam "Ljubljana KC"]
[BlackTeam "Posocje"]
[WhiteTeamCountry "SLO"]
[BlackTeamCountry "SLO"]

1. e4 c5 2. d4 cxd4 3. c3 d3 4. Bxd3 Nc6 5. Nf3 e6 6. 0-0 Qc7 7. Nd4 Nf6 8. Nd2 Ne5 9. N2f3 Nxd3 10. Qxd3 d5 11. exd5 Nxd5 12. Re1 Be7 13. Bg5 0-0 14. Bxe7 Nxe7 15. Qe4 Ng6 16. Rad1 Bd7 17. Rd2 Rfd8 18. Red1 Be8 19. h4 h6 20. g3 e5 21. Nf5 Bc6 22. Qe2 Rxd2 23. Rxd2 Qc8 24. g4 Qe6 25. Rd6 Qxa2 26. h5 Bxf3 27. Qxf3 Nf4 28. Qd1 Ne6 29. Ne7+ Kf8 30. Rd7 Qa6 31. Qf3 Ng5 32. Qxb7 Qxb7 33. Rxb7 a5 34. Nc6 e4 35. Ra7 Rxa7 36. Nxa7 Nf3+ 37. Kg2 Ne1+ 38. Kg3 Nd3 39. b4 axb4 40. cxb4 Nxb4 41. Nc8 Nd5 42. Nd6 e3 43. fxe3 Nxe3 44. Kf4 Nc2 45. Nf5 Nb4 46. Ke5 Nd3+ 47. Ke4 Nc5+ 48. Kd5 Ne6 49. Ke5 Ng5 50. Kf4 Kg8 51. Ne7+ Kh7 52. Nf5 Ne6+ 53. Ke5 g6 54. hxg6+ Kxg6 55. Ke4 Kg5 56. Ne3 Nf4 57. Kf3 Nd3 58. Kg3 Ne5 59. Kh3 Kf4 60. Nd5+ Kf3 61. Nf6 Ng6 62. Ng8 h5 63. gxh5 Nf4+ 64. Kh4 Nxh5 65. Kxh5 f5 66. Kh4 f4 67. Nf6 Kg2 68. Kg4 f3 69. Ne4 f2 70. Nxf2 1/2-1/2

[Event "Ljubljana-chT 67th"]
[Site "Gostovanja"]
[Date "2014.01.09"]
[Round "1.1"]
[White "Pecnik, Primoz"]
[Black "Butala, Marjan"]
[Result "1-0"]
[WhiteElo "1852"]
[BlackElo "2022"]
[PlyCount "153"]
[EventDate "2014.01.09"]
[EventType "team-tourn"]
[EventRounds "9"]
[EventCountry "SLO"]
[SourceTitle "EXT 2015"]
[Source "ChessBase"]
[SourceDate "2014.11.20"]
[SourceVersion "1"]
[SourceVersionDate "2014.11.20"]
[SourceQuality "1"]
[WhiteTeam "Crni Vitezi"]
[BlackTeam "Karel Jeraj"]
[WhiteTeamCountry "SLO"]
[BlackTeamCountry "SLO"]

1. e4 d6 2. d4 Nf6 3. Nc3 g6 4. Bc4 Bg7 5. Nge2 c6 6. 0-0 b5 7. Bd3 b4 8. Na4 0-0 9. a3 a5 10. Bd2 bxa3 11. Rxa3 e5 12. dxe5 dxe5 13. Bg5 Nbd7 14. Qc1 Qe7 15. Qe3 Re8 16. Rfa1 h6 17. Bxf6 Bxf6 18. f3 Bg5 19. Qf2 Rb8 20. Qa7 Rb7 21. Qxa5 Be3+ 22. Kh1 Qg5 23. Qe1 Bd2 24. Qg3 Qe7 25. Bc4 Kg7 26. Qf2 Bb4 27. R3a2 Nf6 28. Nc1 Nh5 29. Nd3 Nf4 30. Nac5 Nxd3 31. Nxd3 Bd6 32. Ba6 Ra7 33. Bxc8 Rxa2 34. Rxa2 Rxc8 35. Ra7 Rc7 36. Rxc7 Qxc7 37. b4 Qb8 38. Qd2 c5 39. bxc5 Bxc5 40. Qc1 Be7 41. c4 Qd6 42. Qc3 f6 43. c5 Qc6 44. Qc4 h5 45. Qd5 Qc7 46. c6 Kf8 47. Nc5 Bxc5 48. Qxc5+ Kf7 49. h4 Ke6 50. Qd5+ Ke7 51. Qg8 Qxc6 52. Qg7+ Ke6 53. Qxg6 Qc1+ 54. Kh2 Qf4+ 55. Kh3 Qc1 56. Qf5+ Ke7 57. Qxh5 Qh1+ 58. Kg3 Qe1+ 59. Kg4 Qd2 60. g3 Qd7+ 61. Qf5 Qd8 62. h5 Qd2 63. Qh7+ Ke6 64. Qg8+ Ke7 65. Qg7+ Ke6 66. h6 Qd4 67. Qg8+ Ke7 68. Qd5 Qe3 69. Qb7+ Ke6 70. Qg7 Qd4 71. h7 f5+ 72. Kh5 Qg1 73. exf5+ Kd5 74. Qf7+ Kd6 75. Qe6+ Kc7 76. Qxe5+ Kc6 77. h8Q 1-0

[Event "SLO-chT Central Superliga 14th"]
[Site "Slovenia"]
[Date "2013.11.21"]
[Round "8.4"]
[White "Pecnik, Primoz"]
[Black "Janzelj, Lara"]
[Result "0-1"]
[WhiteElo "1846"]
[BlackElo "1816"]
[PlyCount "56"]
[EventDate "2013.09.19"]
[EventType "team-tourn"]
[EventRounds "9"]
[EventCountry "SLO"]
[SourceTitle "EXT 2022"]
[Source "ChessBase"]
[SourceDate "2021.10.06"]
[SourceVersion "1"]
[SourceVersionDate "2021.10.06"]
[SourceQuality "1"]
[WhiteTeam "Klinicni Center II"]
[BlackTeam "Ig"]
[WhiteTeamCountry "SLO"]
[BlackTeamCountry "SLO"]

1. e4 c5 2. Nf3 Nc6 3. d4 cxd4 4. c3 dxc3 5. Nxc3 e5 6. Bc4 Bb4 7. 0-0 Nge7 8. Nb5 d6 9. a3 Bc5 10. b4 a6 11. bxc5 axb5 12. Bxb5 dxc5 13. Qxd8+ Kxd8 14. Bb2 f6 15. Nd2 Nd4 16. Bxd4 exd4 17. Rfc1 b6 18. Nc4 Kc7 19. a4 Ba6 20. f4 Rhd8 21. Kf2 Nc6 22. a5 Bxb5 23. Nxb6 Rxa5 24. Rxa5 Nxa5 25. Nd5+ Kd6 26. Rb1 Bd3 27. Rb6+ Nc6 28. Kf3 Bxe4+ 0-1

[Event "SLO-chT2 West"]
[Site "Ljubljana"]
[Date "2013.11.16"]
[Round "8.4"]
[White "Pecnik, Primoz"]
[Black "Krivec, Metod"]
[Result "1/2-1/2"]
[WhiteElo "1846"]
[BlackElo "1901"]
[PlyCount "28"]
[EventDate "2013.11.08"]
[EventType "team"]
[EventRounds "9"]
[EventCountry "SLO"]
[SourceTitle "EXT 2015"]
[Source "ChessBase"]
[SourceDate "2014.11.20"]
[SourceVersion "1"]
[SourceVersionDate "2014.11.20"]
[SourceQuality "1"]
[WhiteTeam "Lojz Kraigher"]
[BlackTeam "Radovljica"]
[WhiteTeamCountry "SLO"]
[BlackTeamCountry "SLO"]

1. e4 e6 2. d4 d5 3. exd5 exd5 4. c4 c6 5. Nc3 Nf6 6. Bd3 Be7 7. c5 0-0 8. Nge2 Re8 9. 0-0 Nbd7 10. Ng3 g6 11. Bh6 Bf8 12. Bxf8 Nxf8 13. f4 Ng4 14. Re1 f5 1/2-1/2

[Event "SLO-chT 1st League Central"]
[Site "Ljubljana"]
[Date "2012.09.06"]
[Round "1.3"]
[White "Pecnik, Primoz"]
[Black "Marincek, Bojan"]
[Result "1-0"]
[WhiteElo "1818"]
[BlackElo "1687"]
[PlyCount "45"]
[EventDate "2012.09.06"]
[EventType "team-swiss"]
[EventRounds "9"]
[EventCountry "SLO"]
[SourceTitle "EXT 2019"]
[Source "ChessBase"]
[SourceDate "2018.10.10"]
[SourceVersion "1"]
[SourceVersionDate "2018.10.10"]
[SourceQuality "1"]
[WhiteTeam "Klinicni Center"]
[BlackTeam "Crni Graben"]
[WhiteTeamCountry "SLO"]
[BlackTeamCountry "SLO"]

1. e4 c5 2. d4 cxd4 3. Nf3 d6 4. c3 Nf6 5. Bb5+ Bd7 6. Qe2 dxc3 7. Nxc3 e5 8. Bg5 Be7 9. 0-0 0-0 10. h3 Nc6 11. Rad1 Be6 12. Bxc6 bxc6 13. Nxe5 Nxe4 14. Nxe4 Bxg5 15. Nxc6 Qc7 16. Nxg5 Qxc6 17. Nxe6 Rae8 18. Nd4 Rxe2 19. Nxc6 Rxb2 20. Rxd6 g6 21. Rd8 a6 22. Rxf8+ Kxf8 23. a4 1-0

[Event "Ljubljana-chT 65th Superliga"]
[Site "Ljubljana"]
[Date "2012.02.09"]
[Round "4.4"]
[White "Trpin, Alenka"]
[Black "Pecnik, Primoz"]
[Result "0-1"]
[WhiteElo "1783"]
[BlackElo "1813"]
[PlyCount "80"]
[EventDate "2012.01.12"]
[EventType "team-tourn"]
[EventRounds "9"]
[EventCountry "SLO"]
[SourceTitle "EXT 2022"]
[Source "ChessBase"]
[SourceDate "2021.10.06"]
[SourceVersion "1"]
[SourceVersionDate "2021.10.06"]
[SourceQuality "1"]
[WhiteTeam "Komenda Pogi"]
[BlackTeam "Klinicni Center II"]
[WhiteTeamCountry "SLO"]
[BlackTeamCountry "SLO"]

1. d4 Nf6 2. c4 c5 3. d5 e6 4. Nc3 exd5 5. cxd5 d6 6. e4 g6 7. Be2 Bg7 8. f4 0-0 9. Nf3 Re8 10. e5 dxe5 11. fxe5 Ng4 12. Bf4 Nxe5 13. Nxe5 Bxe5 14. 0-0 Nd7 15. Bc4 Nb6 16. Bb5 Bd7 17. Bxe5 Rxe5 18. d6 a6 19. Bxd7 Qxd7 20. Rf6 Rae8 21. Qf3 R8e6 22. Rf1 Rxf6 23. Qxf6 Re6 24. Qf3 f5 25. g4 Nc4 26. Qf4 Nxd6 27. Rd1 Qe7 28. gxf5 Re1+ 29. Rxe1 Qxe1+ 30. Kg2 Nxf5 31. Qb8+ Kg7 32. Qc7+ Kh6 33. Qf4+ Kg7 34. Qc7+ Qe7 35. Qf4 Qe3 36. Qc7+ Kh6 37. Qxb7 Nh4+ 38. Kf1 Nf3 39. Ne2 Nxh2+ 40. Ke1 Nf3+ 0-1

[Event "Nova Gorica op-B 11th"]
[Site "Nova Gorica"]
[Date "2006.01.30"]
[Round "7"]
[White "Petrovic, Marko"]
[Black "Pecnik, Primoz"]
[Result "1-0"]
[WhiteElo "1944"]
[BlackElo "1793"]
[PlyCount "69"]
[EventDate "2006.01.27"]
[EventType "swiss"]
[EventRounds "9"]
[EventCountry "SLO"]
[SourceTitle "CBM 110 Extra"]
[Source "ChessBase"]
[SourceDate "2006.03.10"]
[SourceVersion "2"]
[SourceVersionDate "2006.03.10"]
[SourceQuality "1"]

1. e4 d5 2. exd5 Nf6 3. Bb5+ Nbd7 4. Qf3 a6 5. Ba4 b5 6. Bb3 Bb7 7. Nc3 Nc5 8. Nh3 Nxb3 9. axb3 Bxd5 10. Nxd5 Qxd5 11. Qg3 e6 12. d3 Nh5 13. Qxc7 Bd6 14. Qb6 Bc5 15. Qc7 Bd6 16. Qc3 Be5 17. Qb4 Qxg2 18. Rg1 Qxh3 19. Rxa6 Rxa6 20. Qxb5+ Kd8 21. Qxe5 Ra1 22. Ke2 Rxc1 23. Qd6+ Ke8 24. Qc6+ Ke7 25. Qc5+ Kd7 26. Qd4+ Kc7 27. Rxc1 Qf5 28. Ra1 Nf4+ 29. Ke1 Ng2+ 30. Kf1 Qd5 31. Ra7+ Kc6 32. Qa4+ Kd6 33. Qd7+ Ke5 34. Qc7+ Kf6 35. Qxf7+ 1-0

[Event "Nova Gorica op-B 11th"]
[Site "Nova Gorica"]
[Date "2006.01.29"]
[Round "5"]
[White "Mirkovic, Nikola"]
[Black "Pecnik, Primoz"]
[Result "0-1"]
[WhiteElo "1688"]
[BlackElo "1793"]
[PlyCount "46"]
[EventDate "2006.01.27"]
[EventType "swiss"]
[EventRounds "9"]
[EventCountry "SLO"]
[SourceTitle "CBM 110 Extra"]
[Source "ChessBase"]
[SourceDate "2006.03.10"]
[SourceVersion "2"]
[SourceVersionDate "2006.03.10"]
[SourceQuality "1"]

1. d4 Nf6 2. Nf3 c5 3. c3 cxd4 4. cxd4 d5 5. Bg5 Nc6 6. e3 Bg4 7. Nbd2 Ne4 8. Bf4 e6 9. Qb3 Bb4 10. 0-0-0 Nxf2 11. Bd3 Nxh1 12. Rxh1 0-0 13. h3 Rc8 14. Kb1 Bf5 15. g4 Bxd3+ 16. Qxd3 Bd6 17. Ng5 g6 18. h4 Bxf4 19. exf4 Nb4 20. Qe3 Qc7 21. Nb3 Qc2+ 22. Ka1 Qg2 23. Rg1 Nc2+ 0-1